|
|
|
|
| LEADER |
01541nam a2200409Ia 4500 |
| 001 |
EBC178670 |
| 003 |
MiAaPQ |
| 005 |
20200520144314.0 |
| 006 |
m o d | |
| 007 |
cr cn||||||||| |
| 008 |
991201s2000 enka sb 101 0 eng d |
| 010 |
|
|
|z 99088193
|
| 020 |
|
|
|z 0203465806
|
| 020 |
|
|
|z 041522778X
|
| 035 |
|
|
|a (MiAaPQ)EBC178670
|
| 035 |
|
|
|a (Au-PeEL)EBL178670
|
| 035 |
|
|
|a (CaPaEBR)ebr10054253
|
| 035 |
|
|
|a (CaONFJC)MIL5648
|
| 035 |
|
|
|a (OCoLC)84146431
|
| 040 |
|
|
|a MiAaPQ
|c MiAaPQ
|d MiAaPQ
|
| 050 |
|
4 |
|a HC412
|b .A724117 2000
|
| 082 |
0 |
4 |
|a 330.95
|2 21
|
| 245 |
0 |
0 |
|a Asia Pacific dynamism, 1550-2000
|h [electronic resource] /
|c edited by A.J.H. Latham and Heita Kawakatsu.
|
| 260 |
|
|
|a London ;
|a New York :
|b Routledge,
|c 2000.
|
| 300 |
|
|
|a xiv, 281 p. :
|b ill.
|
| 490 |
1 |
|
|a Routledge studies in the growth economies of Asia ;
|v 27
|
| 504 |
|
|
|a Includes bibliographical references and index.
|
| 533 |
|
|
|a Electronic reproduction. Ann Arbor, MI : ProQuest, 2015. Available via World Wide Web. Access may be limited to ProQuest affiliated libraries.
|
| 650 |
|
0 |
|a Economic history.
|
| 651 |
|
0 |
|a Asia
|x Economic conditions
|v Congresses.
|
| 651 |
|
0 |
|a Pacific Area
|x Economic conditions
|v Congresses.
|
| 655 |
|
4 |
|a Electronic books.
|
| 700 |
1 |
|
|a Latham, A. J. H.
|
| 700 |
1 |
|
|a Kawakatsu, Heita,
|d 1948-
|
| 710 |
2 |
|
|a ProQuest (Firm)
|
| 830 |
|
0 |
|a Routledge studies in the growth economies of Asia ;
|v 27.
|
| 856 |
4 |
0 |
|u https://ebookcentral.proquest.com/lib/matrademy/detail.action?docID=178670
|z Click to View
|